000 00552nam a2200205Ia 4500
005 20250508165706.0
008 008 250505s9999 xx 000 0 eng d
037 _aTextual
040 _aFEDL
_beng
_cFEDL
041 _aeng
_2eng
084 _a575, MIL
_qFEDL
100 _aMiller Jonathan
_9131579
245 0 _aDarwin for beginners
260 _aNew York, USA
_bPantheon Books Inc.
_c1982
300 _a176p.
365 _aUSD
_b5.95
700 _a Loon Borin Van
_9781636
942 _cTEXL
_h575, MIL
999 _c1396788
_d1396788